00267nam a2200097Ia 4500008004100000041000800041100001700049245005100066260003400117365001800151240703s9999 xx 000 0 und d aeng aAmbrosini V. aHow To Develop A Sustainable Business School  bEdward Elgar Publishersc2023 c b 7,714.00